书目信息 |
| 书名: | Professional ethics and primary care medicine | |
| 作者: | Harmon L. Smith and Larry R. Churchill. | |
| 分册号: | ||
| 分册名: | 出版地: | Durham : |
|
| 出版社: | Duke University Press | |
| 出版时间: | 1986. | |
| 页数: | viii, 117 p. ; | |
| 开本: | 20 cm. | |
| 丛书名: | ||
| 中图分类号: | ||
| 科图分类号: | ||
| 其他分类号: | B82 | |
| 主题词: | ||
| 电子资源: | ||
| 000 | 01109cam a2200337 a 450 | |
| 001 | E0729658256 | |
| 005 | 20070511081525.34 | |
| 008 | 850718s1986 ncu b 001 0 eng c | |
| 010 | @a85016098 | |
| 020 | @a0822305216. | |
| 020 | @a0822305402 (pbk.). | |
| 035 | @A(DLC) 85016098 | |
| 040 | @aDNLM/DLC@cDLC@dDLC | |
| 050 | 00 | @aR724@b.S565 1986 |
| 060 | @aW 50 S649p | |
| 082 | 00 | @a174/.2@2 19 |
| 090 | @aB82 | |
| 099 | @dB82@ex36 | |
| 100 | 1 | @aSmith, Harmon L. |
| 245 | 10 | @aProfessional ethics and primary care medicine :@bbeyond dilemmas and decorum / @cHarmon L. Smith and Larry R. Churchill. |
| 260 | @aDurham :@bDuke University Press,@c1986. | |
| 300 | @aviii, 117 p. ;@c20 cm. | |
| 500 | @aIncludes index. | |
| 504 | @aBibliography: p. [109]-113. | |
| 650 | 0 | @aPhysicians (General practice)@xProfessional ethics. |
| 650 | 2 | @aEthics, Medical. |
| 650 | 2 | @aPrimary Health Care@xstandards. |
| 650 | 0 | @aMedical ethics. |
| 700 | 1 | @aChurchill, Larry R.,@d1945- |
| 906 | @a7@bcbc@corignew@d1@eocip@f19@gy-gencatlg | |
| 991 | @bc-GenColl@hR724@i.S565 1986@tCopy 1@wBOOKS | |
| Professional ethics and primary care medicine : : beyond dilemmas and decorum / / Harmon L. Smith and Larry R. Churchill.-Durham : : Duke University Press, , 1986. |
| viii, 117 p. ; ; 20 cm. |
| Includes index.-Bibliography: p. [109]-113. |
| ISBN 0822305216. |
| ● |
| 相关链接 |
|
|
|
|
正题名:Professional ethics and primary care medicine
索取号:B82/x36
 
预约/预借
| 序号 | 登录号 | 条形码 | 馆藏地/架位号 | 状态 | 备注 |
| 1 | 8066 | 300080668 | 第二样本阅览室/ [索取号:B82/x36] | 在馆 |